Statistics for Country Shape to Capital City Match #3

Click here to take the quiz!

General Stats

  • This quiz has been taken 22 times
    (18 since last reset)
  • The average score is 14 of 16

Answer Stats

Answer% Correct
Berlin
100%
Lisbon
100%
Zagreb
100%
Mogadishu
94%
Nicosia
94%
Port au Prince
94%
Bangkok
88%
Kyiv/Kiev
88%
Lima
88%
N'Djamena
88%
Stockholm
88%
Tehran
88%
Antananarivo
81%
Dhaka
75%
Kinshasa
75%
Ulaanbaatar
75%

Score Distribution

Percentile by Number Answered

Percent of People with Each Score

Your Score History

You have not taken this quiz since the last reset